| 000 | 00385nam a2200157Ia 4500 | ||
|---|---|---|---|
| 008 | 210716s2011 xx 000 0 und d | ||
| 020 | _a9788174469625 | ||
| 041 | _aeng | ||
| 082 | _a658.406 ALDK | ||
| 100 | _aAldridge, Kerry. | ||
| 245 | _aEnsure team effectiveness. | ||
| 250 | _a1 | ||
| 260 |
_aNew Delhi _bExcel Books _c2011 |
||
| 300 | _axix,103 | ||
| 650 | _aTeam Management | ||
| 999 |
_c207618 _d207618 |
||